| 000 | 00568nam a2200217Ia 4500 | ||
|---|---|---|---|
| 003 | OSt | ||
| 005 | 20220928145007.0 | ||
| 006 | a|||||r|||| 00| 0 | ||
| 007 | ta | ||
| 008 | 220927b |||||||| |||| 00| 0 eng d | ||
| 024 | _a77992 | ||
| 037 | _cTextual | ||
| 040 |
_aSDCL _cSDCL _beng |
||
| 041 |
_2eng _aeng |
||
| 082 | _aV3:3(Q3)'E7, K3 | ||
| 100 |
_aBarlow Frank _9511077 |
||
| 245 | 0 |
_aEnglish church, 1000-1066 _b A constitutional history. |
|
| 260 | _c1963 | ||
| 942 |
_hV3:3(Q3)'E7, K3 _cTEXL _2CC |
||
| 999 |
_c831299 _d831299 |
||